इंतजार पांचवें सपने का / (Record no. 67813)

MARC details
000 -LEADER
fixed length control field 01667nam a22003137a 4500
005 - DATE AND TIME OF LATEST TRANSACTION
control field 2010101908158.0
008 - FIXED-LENGTH DATA ELEMENTS--GENERAL INFORMATION
fixed length control field 101019t xxu||||| |||| 00| 0 hin d
010 ## - LCCN (DPL NO)
LC control number HIN-96262 B-490921
020 ## - INTERNATIONAL STANDARD BOOK NUMBER
Terms of availability 200.00
International Standard Book Number 9789380458335
035 ## - SYSTEM CONTROL NUMBER
System control number HN-68608 B-490921
037 ## - SOURCE OF ACQUISITION
Source of stock number/acquisition DBAD / PUB
037 ## - SOURCE OF ACQUISITION
Source of stock number/acquisition भारतीय साहित्य भवन
040 ## - CATALOGING SOURCE
Original cataloging agency DPL
Language of cataloging HN
082 ## - DEWEY DECIMAL CLASSIFICATION NUMBER
Classification number
100 ## - MAIN ENTRY--PERSONAL NAME
9 (RLIN) 23632
Personal name भारद्वाज, प्रेम
245 ## - TITLE STATEMENT
Title इंतजार पांचवें सपने का /
Statement of responsibility, etc प्रेम भारद्वाज
260 ## - PUBLICATION, DISTRIBUTION, ETC. (IMPRINT)
Place of publication, distribution, etc नई दिल्ली
Name of publisher, distributor, etc सामयिक बुक्स
Date of publication, distribution, etc 2012
270 ## - ADDRESS
City नई दिल्ली
Address 3320-21, जटवाडा़ दरियागंज,एन.एस. मार्ग,
Postal code 110002
300 1# - PHYSICAL DESCRIPTION
Extent 128पृ.
Dimensions 22सेमी (सजिल्द)
650 ## - SUBJECT ADDED ENTRY--TOPICAL TERM
9 (RLIN) 657
Topical term or geographic name as entry element हिन्दी लघुकथाएँ
650 ## - SUBJECT ADDED ENTRY--TOPICAL TERM
9 (RLIN) 34273
700 ## - ADDED ENTRY--PERSONAL NAME
9 (RLIN) 48760
710 ## - ADDED ENTRY--CORPORATE NAME
9 (RLIN) 34811
710 ## - ADDED ENTRY--CORPORATE NAME
9 (RLIN) 35049
942 ## - ADDED ENTRY ELEMENTS (KOHA)
Source of classification or shelving scheme Dewey Decimal Classification
Item type Hindi Books
Call number suffix भारद्वा
Classification part
Holdings
Withdrawn status Lost status Source of classification or shelving scheme Damaged status Not for loan Collection code Home library Current library Date acquired Source of acquisition Cost, normal purchase price Total Checkouts Full call number Barcode Date last seen Copy number Cost, replacement price Koha item type
    Dewey Decimal Classification     Fiction Central Library Central Library 06/03/2013 भारतीय साहित्य भवन/641/08.01.13/7/18.12.12/16.01.13 200.00   क भारद्वा B-490921 06/03/2013 1 200.00 Hindi Books
    Dewey Decimal Classification   Not For Loan Fiction D.B.Act.Division D.B.Act.Division 11/06/2012 DBAB/PUB 200.00   क भारद्वा HN-68608 11/06/2012 1 200.00 Hindi Books

© Delhi Public Library
Hit Counter
free hit counter